Number of Players on a Team by Sport - Whammies - Statistics

General Stats
  • This quiz has been taken 36 times
  • The average score is 5 of 18
Answer Stats
Hint Answer % Correct
Association Football (Soccer) 11
88%
Basketball 5
62%
Tennis 1 / 2
58%
Hockey 6
50%
Baseball 9
50%
American Football (NFL) 11
46%
Volleyball 6
38%
Cricket 11
27%
Swimming Relay 4
23%
American Football (CFL) 12
19%
Curling 4
15%
Slo-Pitch Softball 10
12%
Jai alai 2
12%
Australian Football 18
8%
Water Polo 7
8%
Box Lacrosse 6
4%
Ultimate Frisbee 7
4%
Hurling 15
0%
No matching quizzes found
Score Distribution
Percent of People with Each Score
Percentile by Number Answered
Your Score History
You have not taken this quiz